|
|
|
|
| LEADER |
00000cam a2200000 7i4500 |
| 001 |
0000001403 |
| 005 |
20010618.0 |
| 020 |
0 |
0 |
|a 2880850037
|
| 090 |
0 |
0 |
|a 634.92
|b TRO 1987
|
| 245 |
0 |
0 |
|a TROPICAL forest conservation and the ITTA (International Tropical Timber Agreement)
|
| 260 |
0 |
0 |
|a Gland, Switzerland :
|b WWF International ,
|c 1987
|
| 300 |
|
|
|a 28 p. :
|b ill., maps ;
|c 30 cm.
|
| 440 |
0 |
0 |
|a A WWF postition paper
|
| 650 |
0 |
0 |
|a Forest conservation
|
| 710 |
1 |
1 |
|a International Tropical Timber Agreement (ITTA)
|
| 998 |
|
|
|a JPSM
|
| 999 |
|
|
|a 0000002892
|b Monograph
|c Open Shelf
|e Default branch
|